Party Wall etc. Act 1996 (Record no. 115449)

MARC details
000 -LEADER
fixed length control field 00633cam a22002055a 4500
001 - CONTROL NUMBER
control field L158680
008 - FIXED-LENGTH DATA ELEMENTS--GENERAL INFORMATION
fixed length control field 150616s2014 xxk f 000 0 eng d
020 ## - INTERNATIONAL STANDARD BOOK NUMBER
International Standard Book Number 9780955099571
035 ## - SYSTEM CONTROL NUMBER
System control number (Sirsi) u158680
041 0# - LANGUAGE CODE
Language code of text/sound track or separate title eng
050 04 - LIBRARY OF CONGRESS CALL NUMBER
Classification number 692.2/FRA
100 1# - MAIN ENTRY--PERSONAL NAME
Personal name Frame, Alex
245 00 - TITLE STATEMENT
Title Party Wall etc. Act 1996
Remainder of title An Easy Guide
260 ## - PUBLICATION, DISTRIBUTION, ETC.
Place of publication, distribution, etc. Rye
Name of publisher, distributor, etc. Faculty of Party Wall Surveyors
Date of publication, distribution, etc. 2014
300 ## - PHYSICAL DESCRIPTION
Extent 45p, 22cm
520 ## - SUMMARY, ETC.
Summary, etc. Booklet is written to give a straightforward guide to the Party Wall etc. Act 1996 using simple and non-technical language.
651 #4 - SUBJECT ADDED ENTRY--GEOGRAPHIC NAME
Geographic name ENGLAND AND WALES
690 ## - LOCAL SUBJECT ADDED ENTRY--TOPICAL TERM (OCLC, RLIN)
Topical term or geographic name as entry element Party walls
9 (RLIN) 6258
942 ## - ADDED ENTRY ELEMENTS (KOHA)
Suppress in OPAC 0
Holdings
Withdrawn status Lost status Source of classification or shelving scheme Damaged status Not for loan Home library Current library Shelving location Date acquired Total Checkouts Full call number Barcode Date last seen Copy number Price effective from Koha item type
    Dewey Decimal Classification     London London Books 16/06/2015   692.2 FRA 30078968 06/08/2019 1 06/08/2019 Book